LEADER 01210nam a2200289 i 4500 001 000000344622 003 CaOOAMICUS 005 20210305104331.0 008 210302s1970 fr a u001 u fre u 013 $a17773 040 $aSeMil$bita 100 1 $aRenault, Emmanuel .$0(OLS)http://semarc/name/23595 245 10$aSte Thérèse d'Avila et l'expérience mystique /$cEmmanuel Renault. 260 $aParis :$bÉditions du Seuil,$ccopyr. 1970. 300 $a189 p. :$bill. ;$c18 cm 490 0 $aMicrocosme. Maitres spirituels ;$v38 504 $aContiene : Bibliographie ; Chronologie. 541 $aFondo mons. Pasquale Macchi (3H I 581) 600 04$aTeresa : d'Avila .$0(OLS)http://semarc/subject/1985 830 0$aMicrocosme. Maîtres spirituels ;$v38.$0(OLS)http://semarc/title/21240 850 $aSeMil 852 $aSeMil$W1$xVenegono$y1$m3H I 581$j224727$B235671$CSeMilBibl$Z2$F235671 $81 941 1 $a8 961 $aFondo mons. Pasquale Macchi 996 $6245$aSte Thérèse d'Avila et l'expérience mystique$9(OLS)http://semarc/title/433673 996 $6260$aParis :$bÉditions du Seuil$9(OLS)http://semarc/publisher/29806 LEADER 02108nam a2200313 i 4500 001 000000046253 003 CaOOAMICUS 005 20221025135444.0 008 120608s1653 it u000 u lat u 013 $a17423 026 $au-o- t;t. j.r- fuPr (3) 1653 (R) 040 $aSeMil$bita 100 1 $aStarowolski, Szymon <1588-1656>.$0(OLS)http://semarc/name/22980 245 10$aEpitome conciliorum tam generalium, quam pruincialium [!] in Graeca et Latina ecclesia celebratorum, quaecumque reperiri potuerunt. Itemque vitarum Romanorum pontificum epistolarum decretalium & diuersarum sanctionum eorum cum chronologica & historica obseruatione a Simone Starouolscio, primicerio Tarnouiensi. Libris 26. comprehensa. 260 $aRomae :$bSumptibus Ioannis Baptistae, & Ioseph Corbi bibliopolarum,$c1653. 300 $a[24], 384 [i.e. 392], [12] p. ;$cfol. 500 $aNel tit. il numero 26 è espresso: XXVI 500 $aMarca editoriale: Un corvo. In un ovale con gigli araldici entro una cornice figurata. (O1081) Sul front. 500 $aIniziali e fregi xilogr. 500 $aRipetute nella numerazione le p. 341-348 500 $aSegn.: ?6-2?6 A-D2 E-Y4 Z6 2A-2X4 2Y6 3A-3D4 3E6 a6 563 $aLegatura coeva in mz. pelle su supporto cartonato con taglio spruzzato a rosso 700 1 $aCorvo, Giovanni Battista,$c.$0(OLS)http://semarc/name/22981 700 1 $aCorvo, Giuseppe,$c.$0(OLS)http://semarc/name/6510 850 $aSeMil 852 $aSeMil$W1$xVenegono$y1$m2A V 23 FA$j12408$B12408$CSeMilBibl$Z2$F12408 $8I 996 $6245$aEpitome conciliorum tam generalium, quam pruincialium [!] in Graeca et Latina ecclesia celebratorum, quaecumque reperiri potuerunt. Itemque vitarum Romanorum pontificum epistolarum decretalium & diuersarum sanctionum eorum cum chronologica & historica obseruatione a Simone Starouolscio, primicerio Tarnouiensi. Libris 26. comprehensa$9(OLS)http://semarc/title/69078 996 $6260$aRomae :$bSumptibus Ioannis Baptistae, & Ioseph Corbi bibliopolarum$9(OLS)http://semarc/publisher/40777